|
|
|
|
| LEADER |
00000nam0a2200000 4500 |
| 001 |
365843 |
| 005 |
20231102011826.0 |
| 035 |
|
|
|a (RuTPU)RU\TPU\retro\23206
|
| 090 |
|
|
|a 365843
|
| 100 |
|
|
|a 20220124d1976 k y0rusy50 ca
|
| 101 |
0 |
|
|a rus
|
| 102 |
|
|
|a UA
|
| 105 |
|
|
|a a z 001zy
|
| 200 |
1 |
|
|a Физика высоких давлений
|e сборник научных трудов
|f Академия наук Украинской ССР, Донецкий физико-технический институт ; отв. ред. А. А. Галкин
|
| 210 |
|
|
|a Киев
|c Наукова думка
|d 1979
|
| 215 |
|
|
|a 168 с.
|c ил.
|
| 320 |
|
|
|a Библиогр. в конце ст.
|
| 606 |
1 |
|
|a Давления высокие
|x (физика)
|2 stltpush
|3 (RuTPU)RU\TPU\subj\4802
|9 33017
|
| 610 |
1 |
|
|a магнетизм
|
| 610 |
1 |
|
|a магнитоупорядоченные кристаллы
|
| 610 |
1 |
|
|a спиновые волны
|
| 610 |
1 |
|
|a релаксационные процессы
|
| 610 |
1 |
|
|a фазовые превращения
|
| 610 |
1 |
|
|a дефекты
|
| 610 |
1 |
|
|a кристаллические решетки
|
| 675 |
|
|
|a 539.89
|v 4
|
| 702 |
|
1 |
|a Галкин
|b А. А.
|4 340
|
| 712 |
0 |
2 |
|a Академия наук Украинской ССР
|b Донецкий физико-технический институт
|2 stltpush
|3 (RuTPU)RU\TPU\col\12742
|9 25514
|
| 801 |
|
1 |
|a RU
|b 63413507
|c 20220124
|
| 942 |
|
|
|c BK
|